Łagier NKWD nr 0321

Titel: Łagier NKWD nr 0321 : wspomnienia młodości, wie̜zienia i zesłania / Barbara Nare̜bska-De̜bska-Kozłowska. Oprac. i słowo wste̜pne Zefiryn Je̜drzyński
Verfasser:
Beteiligt:
Veröffentlicht: Bydgoszcz, 2001
Umfang: 69 Seiten : Illustrationen
Format: Buch
Sprache: Polnisch
Schriftenreihe/
mehrbändiges Werk:
Biblioteka Wileńskich Rozmaitości. Seria A ; 18
ISBN: 8387865168
Buchumschlag
X
Lokale Klassifikation: 41 7 Nk ; 38 7 Nk ; 2 N 558
alg: 22809524
001A    $03004:21-10-10 
001B    $05000:19-09-23 $t16:48:54.000 
001D    $03004:21-10-10 
001U    $0utf8 
001X    $00 
002@    $0Aau 
002C    $aText $btxt $2rdacontent 
002D    $aohne Hilfsmittel zu benutzen $bn $2rdamedia 
002E    $aBand $bnc $2rdacarrier 
003@    $0228095247 
003O    $0163135499 $aOCoLC 
004A    $083-87865-16-8 
007A    $0228095247 $aHEB 
007G    $0DE02067C38B80518770B2C12578D2004CFD18 
007T    $0Herdk06598 
009P    $qapplication/pdf $A2 $3Inhaltsverzeichnis $uhttp://scans.hebis.de/HEBCGI/show.pl?22809524_toc.pdf $mV:DE-603;B:DE-Mb50 
010@    $apol 
011@    $a2001 
021A    $aŁagier NKWD nr 0321 $dwspomnienia młodości, wie̜zienia i zesłania $hBarbara Nare̜bska-De̜bska-Kozłowska. Oprac. i słowo wste̜pne Zefiryn Je̜drzyński 
028A    $BVerfasser $#Narębska-Dębska, Barbara $#Dębska-Kozłowksa, Barbara Narębska- $#Kozłowksa, Barbara Narębska-Dębska $4aut $7129301957 $8Narębska-Dębska-Kozłowska, Barbara$Z1921-2000 [Tp1] $9123236738 
028C    $7103383077 $8Jędrzyński, Zefiryn$Z1930-2019 [Tp1] $9138790078 
033A    $pBydgoszcz 
034D    $a69 Seiten 
034M    $aIllustrationen 
036E    $aBiblioteka Wileńskich Rozmaitości. Seria A $l18 
036F    $x218 $8Biblioteka Wileńskich Rozmaitości. Seria A $906258796X $l18 
045F    $a900.94710904 $eDDC23BSB 
045F/01 $a900 
045F/03 $f0904 
045F/03 $f09043 
045F/03 $f09044 
045F/03 $g471 
045F/03 $g438 
045F/03 $g4793 

lok: 22809524 24
101B    $021-10-10 $t10:06:25.000 
101C    $021-10-10 
101U    $0utf8 
145Z/01 $a41 7 Nk 
145Z/02 $a38 7 Nk 
145Z/03 $a2 N 558 

exp: 22809524 24 1 #EPN
201B/01 $021-10-10 $t10:06:25.000 
201C/01 $021-10-10 
201U/01 $0utf8 
203@/01 $0600534723 
208@/01 $a21-10-10 $bz 
209A/01 $a10.5909 $du $f050 $h10 5909 $x00 
209C/01 $a10.5909 T $h10 5909 T 
209G/01 $a72621590 $x00 
220C/01 $abu 
244Z/01 $#Narębska-Dębska, Barbara $#Dębska-Kozłowksa, Barbara Narębska- $#Kozłowksa, Barbara Narębska-Dębska $7129301957 $8--Tp1--Narębska-Dębska-Kozłowska, Barbara$Z1921-2000 $x01 $9123236738 
247C/01 $8358050-7 Marburg, Bibliothek des Herder-Instituts Marburg $9102600961 

lok: 22809524 78

exp: 22809524 78 1 #EPN
201B/01 $019-04-17 $t15:25:44.000 
201U/01 $0utf8 
203@/01 $0792221869 
208@/01 $a12-11-16 $be 
209A/01 $a/ $f000 $x00 
220C/01 $aTitelaufnehmer: pbb 
220C/01 $aHerkunft: IH PAN/PBB Kraków 
220C/01 $aAnmerkung: *uA 
237A/01 $aHaft im Gefängnis Lukiškės/Wilna und im Lager Saratov (1944-1945). - Pobyt w więzieniu na Łukiszkach/Wilno i łagrze pod Saratowem (1944-1945) . - weiterführende Signatur(en): Herder-Institut: 10.5909 
244Z/01 $2Trx $#Litauen $#Lithuania $#Litwa $#Litva $#Litva $8--Trx--Lietuva $x01 $9391193457 
244Z/01 $2Trx $#Poola $#Lenkija $#Polija $#Polen Land $#Poland $#Lengyelország $#Poľsko $#Polsko $8--Trx--Polska$gkraj $x02 $9391345966 
244Z/01 $2Trx $#Wilno-Łukiszki $#Lukiškės Vilnius $#Łukiszki Wilno $8--Trx--Vilnius-Lukiškės $x03 $9391135597 
244Z/01 $2Trx $#Saratovas $#Saratow $8--Trx--Saratov $x04 $9391164708 
244Z/01 $aGeschichte 1944-1945 $x05 
244Z/01 $2Trx $#töö- ja vangilaagrid $#belaisvių ir internuotųjų stovyklos $#Labour and internment camps $#fogoly- és internálótábor $#obozy pracy i internowania $#tábory pracovné, zajatecké a internačné $#tábory pracovní, zajatecké a internační $#Gefangenenlager $#Internierungslager $#Arbeitslager $#tábory pracovné $#tábory pracovní $8--Trx--Arbeits-, Gefangenen- und Internierungslager $x06 $9391383205 
244Z/01 $2Trx $#maailmasõda, teine 1939-1945 $#Antrasis pasaulinis karas 1939-1945 $#World War, Second 1939-1945 $#világháború. második 1939-1945 $#wojna światowa, druga 1939-1945 $#vojna svetová II. 1939-1945 $#válka druhá světová 1939-1945 $#Zweiter Weltkrieg $8--Trx--Weltkrieg, Zweiter$g1939-1945 $x07 $939138239X 
244Z/01 $2Trx $#mälestused $#atsiminimai $#Memoirs $#emlékezések $#wspomnienia $#spomienky $#vzpomínky $#memuaarid $#Memoiren $#pamiętniki $#pamäti $#paměti $8--Trx--Erinnerungen $x08 $9391357727 
244Z/01 $2Trx $8--Trx--Monographie $x09 $9391384546 
245Z/01 $a03.04.03 $x01 
247C/01 $82080>Marburg/Lahn, Herder-Institut, Forschungsbibliothek, Bibliographieportal $9336309341
LEADER 00000cam a2200000 c 4500
001 228095247
003 DE-603
005 20230919164854.0
007 tu
008 101021s2001 xx |||| | u00||u|pol c
020 |a 8387865168 
035 |a (DE-599)HEB228095247 
035 |a (OCoLC)163135499 
040 |a DE-603  |b ger  |c DE-603  |d DE-603 
041 |a pol 
082 0 4 |8 1\u  |a 900.94710904  |q DE-101  |2 23/BSB 
085 |8 1\u  |b 900 
085 |8 1\u  |z 1  |s 0904 
085 |8 1\u  |z 1  |s 09043 
085 |8 1\u  |z 1  |s 09044 
085 |8 1\u  |z 2  |s 471 
085 |8 1\u  |z 2  |s 438 
085 |8 1\u  |z 2  |s 4793 
100 1 |a Narębska-Dębska-Kozłowska, Barbara  |d 1921-2000  |e Verfasser  |4 aut  |0 (DE-603)123236738  |0 (DE-588)129301957  |2 gnd 
245 0 0 |a Łagier NKWD nr 0321  |b wspomnienia młodości, wie̜zienia i zesłania  |c Barbara Nare̜bska-De̜bska-Kozłowska. Oprac. i słowo wste̜pne Zefiryn Je̜drzyński 
264 1 |a Bydgoszcz  |c 2001 
300 |a 69 Seiten  |b Illustrationen 
336 |a Text  |b txt  |2 rdacontent 
337 |a ohne Hilfsmittel zu benutzen  |b n  |2 rdamedia 
338 |a Band  |b nc  |2 rdacarrier 
490 1 |a Biblioteka Wileńskich Rozmaitości. Seria A  |v 18 
700 1 |a Jędrzyński, Zefiryn  |d 1930-2019  |0 (DE-603)138790078  |0 (DE-588)103383077  |2 gnd 
830 0 |t Biblioteka Wileńskich Rozmaitości  |p Seria A  |v 18  |w (DE-603)06258796X  |w (DE-600)2968314-2  |9 218  |7 as 
856 4 2 |m V:DE-603;B:DE-Mb50  |q application/pdf  |u http://scans.hebis.de/HEBCGI/show.pl?22809524_toc.pdf  |3 Inhaltsverzeichnis 
924 0 |9 Mb 50  |a (DE-603)600534723  |b DE-Mb50  |c HES  |d c  |g 10.5909 
924 0 |9 2080  |a (DE-603)792221869  |b DE-2080  |c HES  |d d  |g /